{"text_format":"3","workbook":"xls","n_sheets":1,"sheets":["sheet1"],"not_rendered":{"external_links":1,"defined_names":1},"read":"whole","date_system":"1900","formulas":"cached_only"}

{"sheet":"sheet1","index":0,"n_rows":95,"n_cols":8,"rows_kept":95,"merged":[[95,1,95,7]],"flags":["formulas_cached_only"]}
["序号","产品名称","品牌","规格名称","单位","最高限价","数量","金额"]
[1,"白板笔","晨光","AWMY2201A","支",1.2,420,504]
[2,"证件卡套","得力","证件5752","只",2.1,2500,5250]
[3,"公文包","得力",63751,"只",45,50,2250]
[4,"笔","真彩","台笔009","支",5.2,29,150.8]
[5,"荧光笔","中柏","808S","支",2.6,20,52]
[6,"笔筒","晨光","ABT98403","只",8.9,15,133.5]
[7,"铅笔","得力","HB S908","支",0.4,500,200]
[8,"橡皮","得力",7534,"块",0.4,360,144]
[9,"订书机","得力","0828","只",14,150,2100]
[10,"抽夹","齐心","Q310 可夹30张A4纸","只",1.38,2500,3449.9999999999995]
[11,"大白板","得力","60*90带边框 配磁粒6枚、白板笔2支、白板擦1只","块",129,10,1290]
[12,"中性笔","得力","S656","支",2.6,90,234]
[13,"档案袋","今利德",2505,"只",2,100,200]
[14,"档案盒","晨光","5.5cm ADM95289","只",8,850,6800]
[15,"修正带","得力",8149,"只",5.5,65,357.5]
[16,"电池","南孚","7#两粒装","节",2,16200,32400]
[17,"电池","南孚","5#两粒装","节",2,8100,16200]
[18,"电池","金霸王","5#两粒装","节",3.95,520,2054]
[19,"电池","超霸","碱性9V","节",10.2,180,1835.9999999999998]
[20,"电池","南孚","1#两粒装","节",10.5,180,1890]
[21,"电池","金霸王","2#两粒装","节",13,180,2340]
[22,"电池","超霸","A76","节",4.9,80,392]
[23,"电池","松下","CR2","节",23,80,1840]
[24,"电池","超霸","纽扣2032","节",1.78,80,142.4]
[25,"电池","惠德瑞",17505,"节",14.7,15,220.5]
[26,"电话机","步步高",6101,"部",105,100,10500]
[27,"电话机","中诺","A031","部",39,50,1950]
[28,"直尺","得力",6230,"根",1.6,60,96]
[29,"订书机","齐心","B3017N","只",20,26,520]
[30,"订书针","得力","加厚0015 500枚/盒","盒",4,50,200]
[31,"固体胶","得力",7092,"个",3,50,150]
[32,"桌面文件柜","得力","9775黑色5层","只",80,40,3200]
[33,"铁书立","得力",9263,"付",27.3,30,819]
[34,"订书针","晨光","92616  24/6 1000枚","盒",1,1000,1000]
[35,"订书针","益而高","1000枚 加厚2310","盒",5.5,400,2200]
[36,"起钉器","得力","0231","只",3.2,20,64]
[37,"订书针","益而高","1000枚 不锈钢1008S","盒",9,20,180]
[38,"订书针","益而高","1000枚 加厚2315","盒",7.5,15,112.5]
[39,"订书针","夏普","装订针F602DC","盒",110,10,1100]
[40,"订书针","益而高","1000枚 加厚2323 ","盒",14,10,140]
[41,"订书针","益而高","1000枚 加厚2308","盒",3.5,6,21]
[42,"订书针","京瓷","装订机SH-10  15000针","盒",450,5,2250]
[43,"封膜","霞光","7丝 塑封A5 直角100套/包","包",20,2,40]
[44,"封膜","霞光","7丝 塑封A4 直角100套/包","包",20,1,20]
[45,"复写纸","上海","蓝色 16K 100张","盒",12,3,36]
[46,"复写纸","上海","蓝色 32K 100张","盒",10,6,60]
[47,"固体胶","晨光",7104,"个",1,80,80]
[48,"号码机","新元昌","自动45","个",60,2,120]
[49,"回形针","晨光","91696  100枚/盒","盒",1.2,2300,2760]
[50,"计算器","得力",1567,"只",72,6,432]
[51,"记号笔","斑马","YYTS5-BK","支",5.5,6500,35750]
[52,"记号笔","晨光",2204,"支",1,8,8]
[53,"剪刀","晨光","ASS91307","把",4,10,40]
[54,"胶水","沪达","90ml","瓶",0.8,1800,1440]
[55,"拉链袋","晨光","A4","只",3,1000,3000]
[56,"铆管","柴柯尔","6mm 100根 50cm","盒",100,4,400]
[57,"直尺","得力",6220,"根",3.6,6,21.6]
[58,"订书机","得力","加厚0399","只",125,5,625]
[59,"文件架","得力","文件盘PB261","套",89,5,445]
[60,"签约本","毅力达",888,"本",35,15,525]
[61,"石英钟","北极星",2706,"只",58,30,1740]
[62,"塑料板夹","通必发","A4","只",6,110,660]
[63,"铁夹","上海","5#","个",3,15,45]
[64,"铁夹","上海","6#","个",5,15,75]
[65,"文件袋","得力","按扣A4","只",1.6,90,144]
[66,"文件夹","得力","蓝色 5301ES","本",8,200,1600]
[67,"文件栏","粤富","4栏","只",15,65,975]
[68,"文具小刀","环球","刀刃5.5cm","把",0.5,500,250]
[69,"橡皮筋","常规","直径5-6cm","两",2,2900,5800]
[70,"燕尾夹","晨光","25mm","只",0.25,3300,825]
[71,"燕尾夹","晨光","19mm","只",0.2,3200,640]
[72,"燕尾夹","晨光","32mm","只",0.3,2500,750]
[73,"燕尾夹","晨光","41mm","只",0.45,1000,450]
[74,"印台","亚信",9864,"盒",9.8,150,1470]
[75,"印油","亚信","原子10ml","瓶",4,200,800]
[76,"印油","亚信","光敏10ml","瓶",12,80,960]
[77,"影集","艾尚美","6寸 100张/本","本",13,40,520]
[78,"影集","艾尚美","6寸 300张/本","本",43,37,1591]
[79,"影集","艾尚美","6寸 200张/本","本",28,15,420]
[80,"雨伞","天堂","307E碰","把",46,50,2300]
[81,"圆珠笔","爱好",505,"支",0.8,2500,2000]
[82,"中性笔","晨光",1008,"支",2.1,23500,49350]
[83,"中性笔","慕兰绘","009","支",1.2,180,216]
[84,"中性笔","三菱",157,"支",10,60,600]
[85,"中性笔芯","晨光","G-5","支",1,9400,9400]
[86,"装订机配件","柴柯尔","F-50CH98 垫片32mm","只",8,20,160]
[87,"装订机配件","柴柯尔","F-50CH98 烫头","只",80,9,720]
[88,"装订机配件","柴柯尔","F-50CH98 电机","只",760,2,1520]
[89,"装订机配件","柴柯尔","F-50CH98 锁紧杆锁紧块","套",480,1,480]
[90,"装订机","得力","塑封机3893","只",269,1,269]
[91,"桌签","晨光","ASC99353","只",8,50,400]
[92,"桌签","晨光","ASC99351","只",7,40,280]
[93,"桌签","塞纳兄弟","尺寸A4","只",10,4,40]
[94,"资料册","晨光","95098 60页A4","本",8.5,350,2975]